[Event "Asian Zonal 3.3 2019"]
[Site "Ulaanbaatar"]
[Date "2019.04.08"]
[Round "2.5"]
[White "Khatanbaatar, Bazar"]
[Black "Gomez, John Paul"]
[Result "0-1"]
[WhiteElo "2337"]
[BlackElo "2460"]
[Annotator "TA"]
[PlyCount "70"]
[EventDate "2019.04.07"]
[EventType "swiss"]
[EventRounds "9"]
[EventCountry "MGL"]
[SourceTitle "playchess.com"]
[Source "ChessBase"]
[SourceQuality "1"]

{[%evp 15,70,38,43,41,51,50,62,56,79,73,82,66,93,106,100,37,49,44,49,26,40,27,43,0,0,0,0,0,26,33,70,66,68,14,51,15,54,0,0,0,0,0,0,-107,-102,-108,-102,-149,-153,-151,-154,-152,-144,-812,-775,-1001,207]} 1. e4 e6 2. d4 d5 3. Nd2 Nf6 4. e5 Nfd7 5. Bd3 c5 6. c3 Nc6 7. Ne2 a5 8. O-O a4 9. Nf3 {C06: French Tarrasch: 3...Nf6 4 e5 Nfd7 5 Bd3 main lines} a3 10. b3 cxd4 11. cxd4 {White is slightly better.} Nb4 12. Bb1 Nb8 13. Nf4 {[#]} N8c6 $146 ({Predecessor:} 13... Bd7 14. Be3 Bb5 15. Re1 h6 16. Nh5 N8c6 {0-1 (34) Yildiz Kadioglu,B (2325)-Bartel,M (2619) Legnica 2013}) 14. Nh5 h6 15. Bd2 ({White should play} 15. Qe2 $16) 15... Qb6 $14 16. Bc3 Bd7 17. Qd2 O-O-O 18. Rc1 Kb8 19. Ne1 Rc8 20. Bc2 Na7 21. Bd1 Nbc6 22. Be2 Nb5 23. Bxb5 $1 Qxb5 24. Nd3 ({Better is} 24. Rab1 $14) 24... b6 25. Rc2 Be8 26. Rac1 (26. h4 $1 $14) 26... f5 $11 27. Nhf4 Bf7 28. Ne2 f4 29. Ba1 ({Reject} 29. Nexf4 g5 $17) (29. Ndxf4 $11 {remains equal.} g5 30. Qd3 Qxd3 31. Nxd3) 29... g5 $17 30. Nc3 Qa5 31. b4 Bxb4 32. Rb1 Bg6 33. Rcc1 Rh7 34. g3 $2 {[%mdl 8192]} (34. Rb3 $17) 34... Nxd4 $19 {[#] ...Nf3+ is the strong threat.} 35. Qd1 Nb3 $4 {[%mdl 40960] Accuracy: White = 40%, Black = 51%. . Loss on time!?} (35... Rxc3 $2 36. Nxb4 Rxc1 37. Rxc1 $19) (35... Bxc3 $19 {avoids the disaster.} 36. gxf4 gxf4 37. Bxc3 Rxc3 38. Nxf4 Bxb1 39. Rxb1 Rg7+ 40. Kh1 Qc5) 0-1

[Event "Asian Zonal 3.3 2019"]
[Site "Ulaanbaatar"]
[Date "2019.04.08"]
[Round "2.6"]
[White "Priasmoro, Novendra"]
[Black "Batsuren, Dambasuren"]
[Result "0-1"]
[WhiteElo "2479"]
[BlackElo "2444"]
[Annotator "TA"]
[PlyCount "94"]
[EventDate "2019.04.07"]
[EventType "swiss"]
[EventRounds "9"]
[EventCountry "MGL"]
[SourceTitle "playchess.com"]
[Source "ChessBase"]
[SourceQuality "1"]

{[%evp 21,93,3,10,12,29,14,19,14,17,21,0,-11,-10,-11,-8,-23,-11,-31,0,0,0,-12,0,0,0,0,0,-18,-17,-11,-12,-23,-18,-68,-53,-72,-63,-137,-130,-218,-198,-232,-216,-209,-177,-258,-256,-240,-240,-338,-319,-383,-283,-284,-296,-463,-454,-541,-541,-524,-509,-605,-683,-670,-676,-876,-853,-845,-847,-814,-804,-29988,-29989,-29999]} 1. e4 e5 2. Nf3 Nc6 3. Bb5 a6 4. Bxc6 dxc6 5. O-O f6 6. d4 exd4 7. Nxd4 c5 8. Ne2 Qxd1 9. Rxd1 Bd7 10. Nbc3 O-O-O 11. Be3 Re8 12. Rd2 {C69: Ruy Lopez: Exchange Variation with 5 0-0 f6} Bc6 13. Rad1 b6 14. f3 {The position is equal.} (14. a4 Ne7 15. a5 Ng6 16. axb6 cxb6 17. Ng3 Ne5 18. b3 g6 19. h3 Be7 {½-½ (32) Nakamura,H (2746)-Anand,V (2773) Kolkata 2018}) 14... Ne7 15. Nf4 Ng6 16. Nxg6 hxg6 17. Bf4 Be7 18. Nd5 Bd8 19. Ne3 {[#]} a5 $146 ({Predecessor:} 19... Re7) 20. g4 a4 21. Kf2 g5 22. Bg3 g6 23. c3 Rh7 24. b4 cxb4 25. cxb4 Rd7 26. Rxd7 Bxd7 27. Nd5 c6 $1 {[%cal Rc6d5]} 28. Nc3 b5 $1 29. Bd6 (29. a3 $15) 29... Bb6+ $17 30. Kg3 {[#]} (30. Kf1 $17) 30... Be6 $1 $19 31. h4 gxh4+ 32. Kxh4 a3 {[%cal Ba4a3,Ba3a2][%mdl 32]} 33. Kg3 (33. f4 $142) 33... g5 34. e5 fxe5 35. Bxe5 {[#]} (35. Ne4 {was necessary.} Rd8 36. Nxg5 Bxa2 37. Ra1) 35... Bxa2 $1 {[%mdl 512]} 36. Bf6 (36. Nxa2 Rxe5) 36... Bb3 37. Ra1 {[#]} a2 $1 {[%mdl 512]} 38. Ne4 (38. Nxa2 $142 Re2 39. Nc3 Bc7+ 40. f4 Bxf4+ 41. Kf3) 38... Re6 39. Bb2 Bc7+ 40. Kf2 Rh6 41. Ke3 Bf4+ 42. Kd4 Rh3 43. Kc5 Kc7 44. Kd4 Rxf3 45. Rh1 Bc2 {( -> ...Rd3+)} 46. Rh7+ Kb6 {[%csl Gc2][%cal Rf3d3]} 47. Re7 Rd3# {Accuracy: White = 27%, Black = 78%.} 0-1

[Event "Asian Zonal 3.3 2019"]
[Site "Ulaanbaatar"]
[Date "2019.04.08"]
[Round "2.7"]
[White "Lkhagvasuren, Tsedvee"]
[Black "Tran, Minh Thang"]
[Result "1/2-1/2"]
[WhiteElo "2336"]
[BlackElo "2349"]
[Annotator "NA RC"]
[PlyCount "83"]
[EventDate "2019.04.07"]
[EventType "swiss"]
[EventRounds "9"]
[EventCountry "MGL"]
[SourceTitle "playchess.com"]
[Source "ChessBase"]
[SourceQuality "1"]
[TimeControl "40/5400+30:1800+30"]

1. c4 a6 2. g3 b5 3. Bg2 Ra7 4. b3 Bb7 5. Nf3 d6 6. O-O Nd7 7. d4 g6 8. Qc2 Bg7 9. Bb2 Ngf6 10. Nbd2 Qa8 11. Rfe1 O-O 12. e4 e6 13. c5 dxc5 14. dxc5 Nxe4 15. Bxg7 Nxd2 16. Nxd2 Bxg2 17. Bxf8 Nxf8 18. Ne4 Bxe4 19. Qxe4 Nd7 20. Qxa8+ Rxa8 21. Red1 Nf6 22. f3 Nd5 23. Kf2 c6 24. f4 a5 25. a4 b4 26. Kf3 h5 27. h3 Kg7 28. Re1 Nc3 29. g4 hxg4+ 30. hxg4 Rd8 31. f5 exf5 32. gxf5 g5 33. Re7 Rd5 34. Kg4 Kf6 35. Rc7 Rxc5 36. Rh1 Kg7 37. Kxg5 Nd5 38. Rb7 Ne3 39. Kf4 Nxf5 40. Kg5 Ne3+ 41. Kf4 Nd5+ 42. Kg5 1/2-1/2

[Event "Asian Zonal 3.3 2019"]
[Site "Ulaanbaatar"]
[Date "2019.04.08"]
[Round "2.8"]
[White "Tran, Tuan Minh"]
[Black "Chinguun, Sumiya"]
[Result "1-0"]
[WhiteElo "2553"]
[BlackElo "2250"]
[Annotator "TA"]
[PlyCount "87"]
[EventDate "2019.04.07"]
[EventType "swiss"]
[EventRounds "9"]
[EventCountry "MGL"]
[SourceTitle "playchess.com"]
[Source "ChessBase"]
[SourceQuality "1"]

{[%evp 9,87,15,25,20,34,15,42,29,36,35,30,30,37,32,43,18,40,40,42,42,97,99,100,101,139,0,0,-10,72,39,59,29,50,14,37,31,105,101,95,102,125,66,114,110,118,114,118,119,138,117,121,106,143,132,147,139,135,127,161,155,151,142,197,202,231,212,235,223,223,220,215,226,377,368,598,581,631,619,608,594]} 1. d4 Nf6 2. c4 e6 3. Nc3 d5 4. Nf3 a6 5. cxd5 exd5 6. Bf4 {D37: Queen's Gambit Declined: 5 Bf4} (6. Bg5 Be6 7. e3 Nbd7 8. Bd3 Bd6 9. O-O c6 10. Qc2 Qc7 11. Rfe1 O-O 12. a3 Bg4 13. Bh4 Bh5 {0-1 (35) Mamedyarov,S (2817)-Maghsoodloo,P (2688) St Petersburg 2018}) 6... Be7 7. h3 Be6 $146 ({Predecessor:} 7... c6 8. e3 Bf5 9. Nh4 Be4 10. Nf3 Bxf3 11. Qxf3 Bd6 12. Bd3 Bxf4 13. Qxf4 {½-½ (46) Xu,Y (2539)-Zhou,J (2597) Shenzhen 2017}) 8. e3 {White is slightly better.} Nbd7 9. Bd3 c5 10. O-O O-O 11. Ng5 Re8 12. Qc2 {[%cal Rd3h7]} Nf8 13. dxc5 Bxc5 14. Rfd1 h6 ({Black should try} 14... Bd6 $14) 15. Nxe6 $16 Nxe6 16. Be5 Nd7 17. Bg3 (17. Bh7+ $16 Kh8 18. Rxd5) 17... d4 $1 $11 {[%cal Rd4c3]} 18. exd4 Bxd4 (18... Nxd4 $11 {keeps the balance.} 19. Qd2 Ne5) 19. Bh7+ Kh8 20. Bf5 {[#] Bxe6 is the strong threat.} Ndf8 21. Ne4 {next Nd6 is good for White.} Re7 $1 22. Rd2 $36 {[%mdl 2048] White is pushing.} Qa5 {[#]} (22... Rd7 $14) 23. Nd6 $1 $16 Rc7 24. Qd1 Qb6 25. Qg4 (25. Qf3 $16) 25... Rd7 26. Rxd4 Qxd4 27. Qxd4 Nxd4 28. Bxd7 Nxd7 29. Rd1 Ne2+ 30. Kh2 Kg8 31. Nxb7 Nxg3 32. Kxg3 {[%mdl 4096] Endgame KRN-KRN} Ne5 33. b3 Kf8 34. f4 Nc6 35. Rd7 a5 (35... Re8 $16 36. Rd2 Re3+ 37. Kf2 Rc3) 36. Nd6 $18 Ne7 37. Kf3 f5 38. g4 g6 39. gxf5 gxf5 40. Nc4 Kf7 $2 (40... Nc6 41. Rd6 Nb4 42. Rxh6 Kg7) 41. Nb6 Ra6 $2 (41... Rb8) 42. Nc8 {White is clearly winning.} Ke8 43. Rxe7+ Kd8 44. Ra7 {Accuracy: White = 69%, Black = 36%.} 1-0

[Event "Asian Zonal 3.3 2019"]
[Site "Ulaanbaatar"]
[Date "2019.04.08"]
[Round "2.9"]
[White "Baasansuren, Erdene"]
[Black "Bilguun, Sumiya"]
[Result "1/2-1/2"]
[WhiteElo "2199"]
[BlackElo "2488"]
[Annotator "TA"]
[PlyCount "75"]
[EventDate "2019.04.07"]
[EventType "swiss"]
[EventRounds "9"]
[EventCountry "MGL"]
[SourceTitle "playchess.com"]
[Source "ChessBase"]
[SourceQuality "1"]

{[%evp 9,75,45,37,33,48,29,32,23,33,29,44,39,50,63,56,43,52,48,50,48,61,57,60,70,71,25,70,59,55,66,76,76,87,72,81,0,5,6,17,12,14,4,35,31,21,35,54,0,0,0,0,0,0,0,0,0,0,0,0,0,0,0,0,0,0,0,0,0]} 1. c4 e6 2. Nf3 d5 3. b3 Nf6 4. Bb2 a5 5. Nc3 c6 6. e3 {A13: English Opening: 1...e6} Bd6 7. Qc2 Nbd7 8. d4 {White is slightly better.} Qe7 9. Be2 dxc4 10. bxc4 e5 11. O-O O-O 12. Rfe1 Re8 13. Rad1 e4 $146 14. Nd2 Nf8 15. f3 exf3 16. Bxf3 Ne6 17. Nde4 Nxe4 18. Nxe4 Bb4 19. Re2 Nf8 {[%cal Be6f8,Bf8g6,Bg6h4][%mdl 32] White should prevent ...Bf5.} 20. Nf2 Ng6 21. c5 {[#] Hoping for a3.} a4 22. Bc3 (22. Bc1 $16) 22... Bxc3 $11 23. Qxc3 Nh4 24. e4 Qg5 25. Qe3 Qg6 26. Qf4 Nxf3+ 27. Qxf3 f5 28. Rde1 (28. e5 $1 $14) 28... fxe4 {The position is equal.} 29. Nxe4 {[#] aiming for Nf6+!} Bg4 30. Nf6+ $1 gxf6 31. Rxe8+ Rxe8 32. Rxe8+ Qxe8 33. Qxg4+ {KQ-KQ} Kf8 {[%cal Re8e1]} 34. Kf2 Qf7 35. Qc8+ Kg7 36. Qg4+ Kf8 37. Qc8+ Kg7 38. Qg4+ {Accuracy: White = 68%, Black = 77%.} 1/2-1/2

[Event "Asian Zonal 3.3 2019"]
[Site "Ulaanbaatar"]
[Date "2019.04.08"]
[Round "2.10"]
[White "Munkhgal, Gombosuren"]
[Black "Galmandakh, Badrakh"]
[Result "0-1"]
[WhiteElo "2455"]
[BlackElo "2222"]
[Annotator "TA"]
[PlyCount "100"]
[EventDate "2019.04.07"]
[EventType "swiss"]
[EventRounds "9"]
[EventCountry "MGL"]
[SourceTitle "playchess.com"]
[Source "ChessBase"]
[SourceQuality "1"]

{[%evp 17,100,51,64,39,53,46,44,41,43,34,49,40,77,6,27,0,14,-26,16,-25,-23,-34,-36,-40,-36,-62,-64,-156,-152,-147,-147,-197,-191,-197,-154,-149,-158,-156,-157,-146,-149,-147,-149,-144,-135,-143,-135,-251,-239,-245,-239,-296,-285,-279,-225,-237,-177,-150,-166,-178,-180,-188,-179,-306,-311,-473,-358,-356,-342,-894,-886,-1122,-1055,-1239,-1238,-1199,-937,-1810,-1869,-5222,-4852,-29979,-29980,-29980,-29978]} 1. d4 d6 2. Nf3 Bg4 3. c4 Bxf3 4. exf3 c6 5. Nc3 g6 6. Be2 Bg7 7. O-O Nf6 8. d5 O-O 9. Be3 Nbd7 10. Qb3 {A41: 1 d4 d6: Tartakower System and Modern Defence} Qb8 11. Rac1 Rc8 12. Rfd1 {White is slightly better.} a6 13. a4 $146 ({Predecessor:} 13. Rd2 cxd5 14. Nxd5 Nxd5 15. Rxd5 Rc6 16. f4 Qc7 17. Rdd1 a5 {½-½ (63) Gelfand,B (2695)-Ivanchuk,V (2725) Belgrade 1997}) 13... a5 14. Qa3 Nc5 15. f4 (15. Bxc5 $16 {Hoping for Be3.} dxc5 16. Qxc5) 15... Qa7 16. Bf3 Qb6 17. Ne2 Nfd7 18. Nd4 Ra6 19. Rb1 Bxd4 $1 20. Bxd4 Qb3 $1 21. Bxc5 Nxc5 22. Qxb3 (22. Re1 $15) 22... Nxb3 $17 23. Rd3 Rb6 24. Re1 Rc7 25. Rde3 Kf8 26. Bd1 Nc5 27. b3 cxd5 28. cxd5 Rb4 29. g3 Rd4 30. Bf3 Na6 31. Kg2 Nb4 {aiming for ...Nc2.} 32. R1e2 {[#]} (32. Re4 $17 Rxe4 33. Bxe4) 32... Nc2 $1 $19 (32... Nxd5 33. Re4 $17) 33. Re4 {[#] Threatens to win with Rxc2!} Rd3 $1 34. f5 gxf5 (34... Rxb3 35. fxg6 hxg6 36. Rd2 $17) 35. Rf4 Nd4 ({Much less strong is} 35... Rxb3 36. Bh5 $19) 36. Rb2 Rxb3 37. Rxb3 Nxb3 {[%mdl 4096] Endgame KRB-KRN} 38. Bd1 Nc5 39. Rxf5 Nd7 40. g4 (40. Rf4 {was necessary.}) 40... Rc4 41. g5 (41. Rh5 {is a better defense.}) 41... Rd4 42. Be2 Ne5 ({Less strong is} 42... Rxa4 43. Bb5 $15) 43. Kg3 $2 (43. Bb5) 43... Rxa4 44. h4 Rb4 45. h5 a4 46. f4 Rb3+ 47. Kf2 {[#]} Ng6 $1 {[%mdl 512]} 48. Bd1 (48. hxg6 hxg6) 48... Nh4 {[%mdl 64] Trapped Piece} 49. g6 Nxf5 50. gxh7 Kg7 {Accuracy: White = 28%, Black = 72%.} 0-1

[Event "Asian Zonal 3.3 2019"]
[Site "Ulaanbaatar"]
[Date "2019.04.08"]
[Round "2.11"]
[White "Agibileg, Uurtsaikh"]
[Black "Surya, Wahyudi"]
[Result "1-0"]
[WhiteElo "2403"]
[BlackElo "2197"]
[Annotator "TA"]
[PlyCount "137"]
[EventDate "2019.04.07"]
[EventType "swiss"]
[EventRounds "9"]
[EventCountry "MGL"]
[SourceTitle "playchess.com"]
[Source "ChessBase"]
[SourceQuality "1"]

{[%evp 11,137,23,25,10,12,0,0,0,0,11,8,-2,12,11,16,0,0,7,0,6,31,12,110,52,51,31,31,30,31,36,38,41,45,34,33,39,36,36,33,34,41,32,47,38,64,43,40,40,39,33,40,33,57,57,57,61,59,62,59,4,4,4,4,4,4,4,4,0,0,0,6,4,6,6,6,6,6,6,6,6,11,0,0,0,0,0,0,0,0,0,73,74,60,66,70,76,62,54,234,234,325,252,216,167,550,492,440,375,633,528,29975,373,29976,29978,29976,29977,29984,29985,29985,29986,29986,29981,29981,29982,29982,29983,29995,29996]} 1. d4 Nf6 2. c4 e6 3. Nf3 Bb4+ 4. Nbd2 O-O 5. a3 Bxd2+ 6. Qxd2 b6 7. Qc2 {E11: Bogo-Indian} (7. e3 a5 8. b3 d5 9. Bb2 Ba6 10. Rc1 Nbd7 11. Be2 a4 12. b4 Bxc4 13. Bxc4 dxc4 14. Rxc4 b5 {1-0 (51) Karjakin,S (2774)-Jobava,B (2669) Almaty 2016}) 7... Bb7 8. Bg5 h6 9. Bh4 {The position is equal.} d6 10. e3 Nbd7 11. Rd1 Qe8 12. Bd3 e5 13. dxe5 dxe5 {aiming for ...e4.} 14. Bf5 g6 15. Bh3 Kg7 $146 16. Bg3 (16. b4 {feels hotter.} Rg8 17. Bg3 Qe7 18. O-O a5 19. Rd2) 16... e4 (16... Qe7 $11 {keeps the balance.}) 17. Bxd7 (17. Nd4 $1 $16) 17... Nxd7 $14 18. Qc3+ f6 19. Nd4 $1 Ne5 20. O-O Rf7 21. b4 Rc8 22. c5 Ba6 23. b5 Bxb5 24. Nxb5 Qxb5 25. Bxe5 fxe5 26. Qxe5+ Kh7 27. Rd5 Qa4 28. h4 Re8 29. Qc3 Qc6 30. Qd4 h5 31. Rd1 Ree7 32. Rd8 {[%csl Gd4][%cal Rd8h8]} Qf6 33. Qxf6 Rxf6 {[%mdl 4096] Endgame KRR-KRR} 34. R1d7 Rff7 35. c6 (35. Rxe7 $14 Rxe7 36. Kh2) 35... Kg7 $11 36. Rd4 Re6 37. Rc4 Rff6 38. Rd7+ Rf7 39. Rdd4 Rff6 40. Rd7+ Rf7 41. Kf1 Kf8 42. Rd8+ Kg7 43. Rdd4 Ref6 44. Rc2 Re7 45. Ke2 Kh6 46. f3 exf3+ 47. gxf3 Ree6 48. Rd7 Rxc6 49. Rxc7 Rxc2+ 50. Rxc2 {KR-KR} g5 (50... b5 $11) 51. hxg5+ $16 Kxg5 52. Rc7 a6 53. f4+ $1 Kh6 54. Kf3 $1 b5 $2 (54... Rd6 $14) 55. e4 $18 Rb6 56. Ra7 Rc6 {[#]} 57. f5 $1 Kg5 $2 (57... h4 {is more resistant.}) 58. Rg7+ Kh6 59. Rg1 Rc3+ $2 (59... h4 60. e5 h3) 60. Kf4 Rxa3 61. Rg6+ Kh7 62. e5 {White mates.} Ra4+ {[#]} 63. Kg5 $1 h4 64. e6 Re4 65. Rh6+ Kg8 66. Rxh4 Rxh4 67. Kxh4 b4 68. Kg5 b3 69. Kf6 {Accuracy: White = 62%, Black = 60%.} 1-0

[Event "Asian Zonal 3.3 2019"]
[Site "Ulaanbaatar"]
[Date "2019.04.08"]
[Round "2.12"]
[White "Byambaa, Zulzaga"]
[Black "Gan-Erdene, Sugar"]
[Result "0-1"]
[WhiteElo "2168"]
[BlackElo "2375"]
[Annotator "TA"]
[PlyCount "138"]
[EventDate "2019.04.07"]
[EventType "swiss"]
[EventRounds "9"]
[EventCountry "MGL"]
[SourceTitle "playchess.com"]
[Source "ChessBase"]
[SourceQuality "1"]

{[%evp 20,138,18,14,47,43,50,49,44,40,41,29,37,0,0,0,0,-16,13,12,50,0,0,0,46,24,41,36,52,43,56,35,37,0,65,21,0,-3,0,-1,34,-25,20,11,22,0,0,-1,100,94,97,78,80,76,83,0,0,0,14,0,0,0,28,0,0,0,0,-3,-8,-12,-17,-74,-2,-24,0,0,0,0,87,77,66,27,56,0,0,0,0,0,47,22,27,27,27,25,29,20,22,28,29,22,63,0,0,0,0,0,0,0,0,-8,-17,-395,-395,-1226,-1095,-1095,-848,-830,-696,-1226,-1193]} 1. e4 c5 2. Nf3 d6 3. d4 cxd4 4. Nxd4 Nf6 5. Nc3 Nc6 6. Bg5 e6 7. Qd2 Be7 8. O-O-O Nxd4 9. Qxd4 O-O 10. e5 dxe5 11. Qxe5 {LiveBook: 61 Games} Qb6 {[#] Threatens to win with ...Ng4. B63: Sicilian: Richter-Rauzer: 7...Be7 and unusual Black 7th moves} (11... Bd7 12. Be2 Rc8 13. Be3 Bb4 14. Rd3 Bxc3 15. Rxc3 Rxc3 16. Qxc3 Nd5 17. Qd4 Nxe3 {½-½ (17) Predojevic,B (2645)-Baklan,V (2639) Kemer 2007}) 12. Be3 Ng4 13. Bxb6 Nxe5 {White is slightly better.} 14. Bc7 Ng4 15. Rd2 $146 ({Predecessor:} 15. Bg3 Nf6 16. Be2 Bd7 17. Bf3 Bc6 18. Bxc6 bxc6 19. f3 {0-1 (43) Wallis,I (1968)-Lewis,A (2256) Southend 2015}) 15... Bb4 16. a3 Bxc3 $1 17. bxc3 Nf6 18. f3 b6 19. Be5 Nd5 20. Bd3 Bb7 21. c4 $36 {[%mdl 2048] White has good play.} Nf6 22. Be2 Rfc8 23. Kb2 Ne8 24. Rhd1 Kf8 25. Kb3 f6 26. Bd6+ Kf7 (26... Nxd6 $11 27. Rxd6 e5) 27. Bb4 Bc6 28. Bd3 a5 29. Bc3 Rc7 30. Ka2 (30. Bd4 $14) 30... e5 31. Rb1 ({Don't play} 31. Bxh7 g6 $17) 31... Rb7 $1 32. Be2 ({But not} 32. Bxh7 g6 $17) 32... Ke7 33. Rbd1 Rc8 (33... Rab8 $11) 34. c5 $1 $16 Ra8 35. cxb6 Rxb6 36. Bc4 Ba4 37. Bb3 (37. Bd5 $16 Bc6 38. Bb3) 37... Bxb3+ $11 38. cxb3 Rc6 39. Bb2 Nd6 40. a4 Ke6 41. Rc1 Rac8 42. Rxc6 Rxc6 {[%mdl 4096] Endgame KRB-KRN} 43. Kb1 Nf5 44. g3 g5 45. Rc2 (45. Rd8 $11) 45... Rb6 ({Better is} 45... Rxc2 $17 46. Kxc2 Nd4+ 47. Kd3 (47. Bxd4 exd4 48. Kb2 Kd5 $17) 47... Nxb3) 46. Ka2 $1 Kd5 47. Bc3 Nd4 48. Rd2 Kc5 (48... Ra6 $11) 49. Bxa5 $16 Ra6 50. Bd8 Re6 51. Rd3 ({White should try} 51. Rf2 $14) 51... g4 $1 $11 {[%cal Rg4f3]} 52. fxg4 e4 $1 {[%cal Re4d3]} 53. Re3 Kd5 54. Ba5 {Black should prevent Bc3.} Nf3 55. Bc3 {Hoping for h3.} Nxh2 56. Re2 Nxg4 57. Rd2+ Kc6 $1 58. b4 {[%cal Bb3b4,Bb4b5][%mdl 32]} e3 59. b5+ Kc5 60. Rd8 (60. Rc2 $1 $14) 60... e2 61. Rc8+ Kb6 62. Rb8+ Kc7 63. Rg8 {And now Ba5+ would win.} h5 64. Rg7+ Kb6 65. Bd4+ $2 {[%mdl 8192]} (65. Be1 $11 {and White has nothing to worry.}) 65... Ka5 $19 66. Kb3 $2 {[#]} (66. Bc3+ Kxa4 67. b6 Rxb6 68. Re7) 66... Re3+ $1 {[%mdl 576] Double Attack. Black is clearly winning.} 67. Kc4 (67. Bxe3 Nxe3) 67... Ne5+ 68. Kc5 Kxa4 69. Bxe3 e1=Q {Accuracy: White = 47%, Black = 42%.} 0-1

[Event "Asian Zonal 3.3 2019"]
[Site "Ulaanbaatar"]
[Date "2019.04.08"]
[Round "2.13"]
[White "Amgalanbaatar, Ravdanlkhumbuu"]
[Black "Dang, Hoang Son"]
[Result "1/2-1/2"]
[WhiteElo "2081"]
[BlackElo "2367"]
[Annotator "TA"]
[PlyCount "109"]
[EventDate "2019.04.07"]
[EventType "swiss"]
[EventRounds "9"]
[EventCountry "MGL"]
[SourceTitle "playchess.com"]
[Source "ChessBase"]
[SourceQuality "1"]

{[%evp 12,109,15,0,67,25,94,19,21,-11,1,-10,-4,-6,77,44,73,59,73,77,135,129,128,103,108,94,151,167,168,158,170,143,151,52,75,85,54,8,4,5,12,8,17,8,8,8,22,0,7,0,7,6,15,0,0,0,0,0,17,17,32,0,0,0,0,0,16,11,120,111,120,118,125,121,159,173,166,159,154,26,31,0,0,0,0,0,0,0,12,12,18,21,25,12,12,12,12,0,12,0]} 1. e4 c5 2. Nc3 Nc6 3. f4 e6 4. Nf3 a6 5. g3 b5 6. Bg2 Bb7 {B23: Closed Sicilian: Lines without g3} 7. d3 {LiveBook: 14 Games} (7. O-O d6 8. d3 Nf6 9. h3 Be7 10. g4 Nd7 11. Be3 Qc7 12. Qd2 b4 13. Ne2 a5 14. Ng3 {0-1 (37) Al Modiahki,M (2549)-Mchedlishvili,M (2632) Dubai 2014}) 7... Nf6 (7... d5 $11) 8. O-O Qb6 (8... d6 $11) 9. h3 (9. e5 $16 Ng4 10. h3 c4+ 11. d4) 9... d6 $11 10. Be3 Be7 11. Ne2 $146 {[%cal Bc3e2,Be2g3,Bg3f5][%mdl 32]} ({Predecessor:} 11. g4 h6 {½-½ (11) Thorfinnsson,B (2387)-Gladyszev,O (2464) Bethune 2006}) 11... Rd8 12. g4 e5 (12... d5 $11) 13. Qe1 Qc7 14. Ng3 exf4 15. Bxf4 Ne5 (15... O-O $142) 16. Nf5 $16 O-O 17. Qg3 {[%cal Rf3e5]} Ng6 18. Bd2 Rfe8 (18... Ne8 $142) 19. g5 Nd7 {[#]} 20. h4 $1 Bf8 21. Rf2 Nde5 22. Raf1 (22. h5 $16) 22... d5 $14 23. Nxe5 (23. Nh2 {seems wilder.} dxe4 24. dxe4 c4 25. h5 Bc5 26. Be3) 23... Qxe5 24. h5 (24. Qh3 {with more complications.} Qe6 25. h5 Ne5 26. Ba5 Rd7 27. Bc3) 24... Qxg3 25. Nxg3 Ne5 26. Ba5 Rd7 27. Bh3 Rde7 $1 28. Nf5 Re6 29. Ng3 R6e7 $1 30. Nf5 dxe4 31. Nxe7+ Bxe7 32. dxe4 Bxg5 33. Bd2 Bh4 34. Re2 Nc4 35. Bc1 Bf6 36. b3 Bd4+ 37. Kh2 Nd6 38. Bg2 g6 {[%cal Rd6e4]} 39. Be3 $36 {[%mdl 2048] White has good play.} Nxe4 (39... Bg7 $11 {keeps the balance.}) 40. Bxd4 $16 cxd4 41. Rd1 f5 42. Rxd4 Re7 43. Bxe4 Bxe4 {[%mdl 4096] Endgame KRR-KRB} 44. Rd6 Kg7 45. Red2 (45. Rxa6 $16 {Black must now prevent hxg6.} Rc7 46. hxg6 hxg6 47. Rb6) 45... Kh6 $1 $11 46. Rd7 Re5 47. hxg6 hxg6 48. Kg3 {[#] Hoping for Kf4.} Kg5 49. b4 Bc6 50. R7d6 Re3+ 51. Kf2 Rc3 52. R6d3 Rc4 {The position is equal.} 53. Rd4 {aiming for Rxc4.} Rc3 $1 54. R4d3 Rc4 55. Rd4 {Precision: White = 46%, Black = 47%.} 1/2-1/2

[Event "Asian Zonal 3.3 2019"]
[Site "Ulaanbaatar"]
[Date "2019.04.08"]
[Round "2.14"]
[White "Tugstumur, Yesuntumur"]
[Black "Altanbayar, Tserenpeljee"]
[Result "1-0"]
[WhiteElo "2355"]
[BlackElo "2060"]
[Annotator "NA RC"]
[PlyCount "95"]
[EventDate "2019.04.07"]
[EventType "swiss"]
[EventRounds "9"]
[EventCountry "MGL"]
[SourceTitle "playchess.com"]
[Source "ChessBase"]
[SourceQuality "1"]
[TimeControl "40/5400+30:1800+30"]

1. d4 Nf6 2. c4 e6 3. g3 d5 4. Bg2 Be7 5. Nf3 O-O 6. O-O dxc4 7. Qa4 a6 8. Qxc4 b5 9. Qc2 Bb7 10. Bg5 Be4 11. Qc1 Nbd7 12. Nbd2 Bb7 13. Nb3 a5 14. Rd1 Bd5 15. Nc5 Nxc5 16. dxc5 Qc8 17. Ne5 Bxg2 18. Kxg2 Rd8 19. Qf4 Rxd1 20. Rxd1 Qe8 21. Qf3 h6 22. Bxf6 Bxf6 23. Nd7 Bxb2 24. Rb1 Bf6 25. Rxb5 Be7 26. Qb7 Qd8 27. Rb3 a4 28. Rd3 Qc8 29. c6 Bd6 30. e4 f6 31. f4 e5 32. f5 a3 33. Rd5 Qe8 34. g4 Rd8 35. Qb3 Kh7 36. h4 Ra8 37. Qb7 Qd8 38. Kf3 Rc8 39. Rd2 Kh8 40. Rd5 Qe8 41. Ke3 Qd8 42. Kd3 Qe8 43. Kc2 Rd8 44. Qb3 Ra8 45. Rb5 Qg8 46. Rd5 Ra6 47. Kd2 Qf7 48. Rb5 1-0